00422nam a22001577a 450000500170000000800410001702000240005804000090008204100120009108200150010310000240011824500550014226000360019730000080023365000230024120260317132811.0260317b |||||||| |||| 00| 0 eng d a0896035476c1995.00 aMAIN aEnglish a660.6bANI aJenkins, Nigel (ed) aAnimal Cell Biotechnology bMethods and Protocols  aNew Jersey bHumana Pressc2005 a302 aBiological Science